OSN v tieni Spojených štátov
Ciele OSN ako globálnej inštitúcie podľa článku 1 Charty OSN. Dôvody zlyhania Bezpečnostnej rady. Spojené štáty a OSN.
Gespeichert in:
| 1. Verfasser: | |
|---|---|
| Format: | Buchkapitel |
| Sprache: | Slowakisch |
| Schlagworte: | |
| Tags: |
Keine Tags, Fügen Sie das erste Tag hinzu!
|
MARC
| LEADER | 00000naa$a2200000$$$4500 | ||
|---|---|---|---|
| 001 | 0063193 | ||
| 005 | 20231215105607.7 | ||
| 041 | 0 | |a slo | |
| 044 | |a SK | ||
| 245 | 1 | 0 | |a OSN v tieni Spojených štátov |c Stanislav Mráz |
| 520 | |a Ciele OSN ako globálnej inštitúcie podľa článku 1 Charty OSN. Dôvody zlyhania Bezpečnostnej rady. Spojené štáty a OSN. | ||
| 610 | 2 | 0 | |a organizácie medzinárodné |
| 610 | 2 | 0 | |a USA |
| 610 | 2 | 0 | |a politika bezpečnostná |
| 610 | 2 | 0 | |a OSN |
| 610 | 2 | 0 | |a politika mierová |
| 100 | 1 | |a Mráz, Stanislav | |